Incarcerated mothers' perceptions of their children's situation: a descriptive and analytical study

Gespeichert in:  
Bibliographische Detailangaben
1. VerfasserIn: Henriques, Zelma W. (Verfasst von)
Medienart: Druck Buch
Sprache:Englisch
Veröffentlicht: Ann Arbor, Mich. Univ. Microfilms Internat. 1981
In:Jahr: 1981
Bestand in Tübingen:In Tübingen vorhanden.
UB: KB 12 A 718
Verfügbarkeit prüfen: HBZ Gateway
Subito Bestelldienst: Jetzt bestellen.
Schlagwörter:

MARC

LEADER 00000cam a22000002c 4500
001 109238765X
003 DE-627
005 20220514131015.0
007 tu
008 901127s1981 xx ||||| m 00| ||eng c
035 |a (DE-627)109238765X 
035 |a (DE-576)02238765X 
035 |a (DE-599)BSZ02238765X 
035 |a (OCoLC)311338129 
040 |a DE-627  |b ger  |c DE-627  |e rakwb 
041 |a eng 
100 1 |a Henriques, Zelma W.  |4 aut 
245 1 0 |a Incarcerated mothers' perceptions of their children's situation  |b a descriptive and analytical study  |c Zelma Weston Henriques 
264 1 |a Ann Arbor, Mich.  |b Univ. Microfilms Internat.  |c 1981 
300 |a X, 245 S. 
336 |a Text  |b txt  |2 rdacontent 
337 |a ohne Hilfsmittel zu benutzen  |b n  |2 rdamedia 
338 |a Band  |b nc  |2 rdacarrier 
502 |a Zugl.: Columbia Univ. Teacher College, Diss., 1979 
583 1 |a Archivierung prüfen  |c 20200919  |f DE-640  |z 1  |2 pdager 
655 7 |a Hochschulschrift  |0 (DE-588)4113937-9  |0 (DE-627)105825778  |0 (DE-576)209480580  |2 gnd-content 
951 |a BO 
ELC |b 1 
LOK |0 000 xxxxxcx a22 zn 4500 
LOK |0 001 2154969593 
LOK |0 003 DE-627 
LOK |0 004 109238765X 
LOK |0 005 20020606000000 
LOK |0 008 901127||||||||||||||||ger||||||| 
LOK |0 040   |a DE-21  |c DE-627  |d DE-21 
LOK |0 852   |a DE-21 
LOK |0 852 1  |c KB 12 A 718  |9 00 
LOK |0 866   |x [Xerokopie] 
LOK |0 935   |a krim 
LOK |0 936ln  |a k12.16 
LOK |0 939   |a 27-11-90  |b l01 
ORI |a SA-MARC-krimdoka001.raw 
SIG |a UB: KB 12 A 718